000 01131nam0a22002771 4500
001 rc\462471
005 20250621093725.0
035 _a(NLR Aleph) 005706847
090 _a7336068
_c7336068
100 _a20030616d1987 |||y0rusy50 ca
101 0 _arus
102 _aRU
105 _aa |||||||||
200 1 _aВлияние торфоразработок на рыбохозяйственные водоемы
_e[Cб. ст.]
_fПод ред. к. б. н. Л.А. Лесникова
210 _aЛ.
_cГос. НИОРХ
_d1987
215 _a87 с.
_cграф.
_d22
225 1 _aСборник научных трудов
_fГос. НИИ озер. и реч. хоз-ва. Науч.-произв. об-ния по пром. и тепловод. рыболовству (НПО Промрыбвод)
_vВып. 256
300 _aВ надзаг. также: М-во рыб. хоз-ва РСФСР
320 _aБиблиогр. в конце ст.
333 _aДСП. Экз. № 000494
801 0 _aRU
_bNLR
_gpsbo
801 1 _aRU
_bELAR
_2rusmarc
852 _aNLR
_jП13/63
852 _aNLR
_jОСХ
942 _cBOOK
980 _aNB